00238nam a2200097Ia 4500008004100000100002000041245004500061260001800106300000800124650000800132191201s2018 xx 000 0 und d aLIANG, Daniel Y 0aIntroduction to Programming Using PYTHON bPearsonc2018 a557 aMCA